| 000 | 00703nam a2200133Ia 4500 | ||
|---|---|---|---|
| 008 | 171212s9999 xx 000 0 und d | ||
| 020 | _a9780833084408 | ||
| 100 | _aPaul, Christopher;Clarke, Colin P.;Serena, Chad C. | ||
| 245 |
_cPaul, Christopher;Clarke, Colin P.;Serena, Chad C. _aMexico Is Not Colombia _bAlternative Historical Analogies for Responding to the Challenge of Violent Drug-Trafficking Organizations |
||
| 260 |
_bRAND Corporation _c2014 |
||
| 650 | _aDrug traffic -- Mexico; Violent crimes -- Mexico; Violence -- Mexico; Drug control -- Mexico; Internal security -- Mexico; Insurgency -- Mexico | ||
| 650 | _aPolitical Science | ||
| 856 | _uhttp://www.jstor.org/stable/10.7249/j.ctt6wq9m8 | ||
| 999 |
_c352323 _d352323 |
||